00703nam a2200241 a 4500001001300000003000900013005001700022008004100039020001000080082001700090100002400107245001900131260004300150300000900193500003500202505002800237650002700265700002400292902000800316942000700324952011700331999001300448nice12345678IN_TiNIC20260116011324.0050524s0000 boma grp 000 0 per  ac10000a297.297bHAD aHadi, Syed Mohammad aKashaful Astar aBombaybDar Matba Khilafat Waqiac0000 a232p aincludes index and biblioraphy2 afour parts in two vols. aIslam-Apologetic Works1 aHadi, Syed Mohammad bRBA cBK 001040708RareBook->aHMIbHMId2007-07-26g100.00l0o297.297 HADp04313r2007-07-26v100.00w2005-05-24yBK c501d501